The calling of history : (Record no. 102580)

MARC details
000 -LEADER
fixed length control field 00862nam a22002297a 4500
005 - DATE AND TIME OF LATEST TRANSACTION
control field 20170628115046.0
010 ## - LCCN (DPL NO)
LC control number 1617EN ENG-118978
020 ## - INTERNATIONAL STANDARD BOOK NUMBER
International Standard Book Number 9788178244693
Terms of availability 795.00
035 ## - SYSTEM CONTROL NUMBER
System control number B-647790-796
035 ## - SYSTEM CONTROL NUMBER
System control number EN-102510
037 ## - SOURCE OF ACQUISITION
Stock number dpl
Source of stock number/acquisition Bookwell
037 ## - SOURCE OF ACQUISITION
Source of stock number/acquisition DBAD/PUB
082 ## - DEWEY DECIMAL CLASSIFICATION NUMBER
Classification number 907.202
100 ## - MAIN ENTRY--PERSONAL NAME
Personal name Chakrabarty, Dipesh
245 ## - TITLE STATEMENT
Title The calling of history :
Statement of responsibility, etc by Dipesh Chakrabarty
Remainder of title Sir Jadunath Sarkar and his empire of truth /
260 ## - PUBLICATION, DISTRIBUTION, ETC. (IMPRINT)
Place of publication, distribution, etc Ranikhet
Name of publisher, distributor, etc Permanent Black
Date of publication, distribution, etc 2015
270 ## - ADDRESS
Address Himalayana, Mall Road, Ranikhet Cantt.
City Ranikhet
Postal code 263645
300 ## - PHYSICAL DESCRIPTION
Extent 304p.
Dimensions 23cm(Hb)
500 ## - GENERAL NOTE
General note Includes index
942 ## - ADDED ENTRY ELEMENTS (KOHA)
Source of classification or shelving scheme Dewey Decimal Classification
Item type English Books
Call number suffix CHA
Classification part 907.202
Holdings
Withdrawn status Lost status Not for loan Collection code Home library Current library Date acquired Source of acquisition Cost, normal purchase price Full call number Barcode Copy number Cost, replacement price Koha item type
    Not For Loan Non-fiction D.B.Act.Division Bawana 28/06/2017 DBAD/PUB 795.00 907.202 CHA EN-102510 1 795.00 English Books
      Non-fiction Central Library Central Library 09/03/2017 BPPD/EN/2016-17/287/24.11.2016/0716/7.12.2016/2.1.2017 795.00 907.202 CHA B-647790 1 795.00 English Books
      Non-fiction Janak Puri Janak Puri 09/03/2017 BPPD/EN/2016-17/287/24.11.2016/0716/7.12.2016/2.1.2017 795.00 907.202 CHA B-647793 1 795.00 English Books
      Non-fiction Kasturba Gandhi Marg Kasturba Gandhi Marg 09/03/2017 BPPD/EN/2016-17/287/24.11.2016/0716/7.12.2016/2.1.2017 795.00 907.202 CHA B-647792 1 795.00 English Books
      Non-fiction Patel Nagar Patel Nagar 09/03/2017 BPPD/EN/2016-17/287/24.11.2016/0716/7.12.2016/2.1.2017 795.00 907.202 CHA B-647791 1 795.00 English Books
      Non-fiction Sarojini Nagar Sarojini Nagar 09/03/2017 BPPD/EN/2016-17/287/24.11.2016/0716/7.12.2016/2.1.2017 795.00 907.202 CHA B-647794 1 795.00 English Books
      Non-fiction Shahdara Branch Shahdara Branch 09/03/2017 BPPD/EN/2016-17/287/24.11.2016/0716/7.12.2016/2.1.2017 795.00 907.202 CHA B-647795 1 795.00 English Books
      Non-fiction Yojana Vihar Yojana Vihar 09/03/2017 BPPD/EN/2016-17/287/24.11.2016/0716/7.12.2016/2.1.2017 795.00 907.202 CHA B-647796 1 795.00 English Books

© Delhi Public Library
Hit Counter
free hit counter